000 00299nam a22001337a 4500
008 170609b xxu||||| |||| 00| 0 eng d
020 _a9280810820
041 _aeng
080 _a328
100 _a19
101 _aSHP
245 _aREFORMING AFRICA'S INSTITUTIONS
_cMUGERWA,S.K
942 _2udc
_cBK
999 _c16684
_d16684